000 01297nam a22002897a 4500
001 BRCA_9179
003 FranzMayer
005 20220809132018.0
008 220630b |||||||| |||| 00| 0 spa d
024 _a109200925
_qNIPO
040 _cMFM
041 _aspa
050 _aN2810
_b.R434 2020
245 0 3 _aLa Real Academia de España en Roma y el conjunto monumental de San Pedro en Montorio :
_bDe los Reyes Católicos al siglo XXI /
_ccoordinación general, M.ª Ángeles Albert de León
250 _aPrimera edición
260 _aRoma
_bRAER
_c2020
260 _aMadrid
_bAECID
_c2020
300 _a177 p. :
_bil., planos, facs., fot. ;
_c17 x 24 cm
500 _aUbicación: L59-N5
500 _aIncluye lista de Directores y Residentes
504 _aÍndice de imágenes: 168-173 p.
505 _aBibliografía: 174-177 p.
520 _aPublicación sobre el patrimonio y la historia de la Academia de España en Roma que, desde su fundación en 1873, sigue siendo la institución cultural más importante del Ministerio de Asuntos Exteriores, Unión Europea y Cooperación. - Ángeles Moreno Bau (Secretaria de Estado de Cooperación Internacional)
610 _aReal Academia de España en Roma
_xHistoria
_ySiglos XV-XX
_928389
942 _2lcc
_cB
999 _c10798
_d10798